000 00638nam a22001817a 4500
003 UA-OsUOA
001 7821
007 ta
008 20040629b un ||||| |||| 00| 0 ukr d
100 _aСкуратівський В.
942 _cSA
040 _aUA-OsUOA
_cUA-OsUOA
_dUA-OsUOA
245 _aВасиль Григорович - замість спогадів : [ Про укр. письменника , головного редактора ж-лу " Україна " В. Г. Большака ]
300 _aС.131-134
955 _a0
773 0 _w0
_tСучасність
_dКиїв
_d2004
_g№6
650 7 _aБольшак В.
_2UDC
999 _c293982
_d293982